Teória automatického riadenia 3 PID-regulátory s obmedzeniami

Bibliographic Details
Main Author: Huba, Mikuláš, 1951- (Author)
Format: Book
Language:Slovak
PhysicalDescription:336 s., grafy, sch., tab. 29 cm
Published: Bratislava Slovenská technická univerzita 2006
ISBN:8022724653
Edition:1. vyd.
Series:Edícia skrípt
Subjects:

MARC

LEADER 00000cam a2200000 a 4500
001 vtls008935264
003 SK-MaSNL
005 20260302042616.0
008 240318s2006 xo dl d p 000 0 slo
015 |a SNBA2007/04-01507 
020 |a 8022724653  |q (brož.) 
035 |a AE5943EF-DA46-4500-8BAC-B83E4A8693D8 
035 |a urn:nbn:sk:snk-amksvc 
035 |a urn:nbn:sk:snk-am00573a 
040 |a SNK  |b slo  |c SNK  |e AACR2 
041 0 |a slo 
044 |a xo  |c SK 
072 7 |a 681.5  |x Automatizačná a riadiaca technika  |2 konspekt 
080 |a 681.5  |2 2001 
080 |a 681.515  |2 2001 
080 |a (075.8)  |2 2001 
100 1 |a Huba, Mikuláš,  |d 1951-  |4 aut  |9 98562 
245 1 0 |a Teória automatického riadenia 3  |b PID-regulátory s obmedzeniami  |c Mikuláš Huba 
250 |a 1. vyd. 
260 |a Bratislava  |b Slovenská technická univerzita  |c 2006 
300 |a 336 s.,  |b grafy, sch., tab.  |c 29 cm 
366 |e 100 výtl. 
490 1 |a Edícia skrípt 
504 |a Bibliogr. odkazy 
650 0 7 |a automatické riadenie  |2 SNKPH  |9 67900 
650 0 7 |a proporcionálno-integračno-derivačné regulátory  |2 SNKPH  |9 195352 
655 7 |a učebnice vysokých škôl  |2 SNKPH  |9 70191 
810 2 |a Slovenská technická univerzita v Bratislave  |t Edícia skrípt  |9 180632 
919 |a 80-227-2465-3 
958 |a NB 
968 |d 65 
999 |c 1083445  |d 1085375 
952 |a SNK  |b SNK  |y PREZ  |7 0  |p 17A0539044  |o snkSB 73855/3  |i snk2007/3411  |8 0  |0 0  |1 0  |4 0  |d 2007-02-06  |l 0  |r 2025-04-24 00:00:00  |w 2026-02-24 
952 |a SNK  |b SNK  |y VYP  |7 0  |p 17A0539043  |o snkSB 73855/3 D1  |i snk2007/3413  |8 0  |0 0  |1 0  |4 0  |d 2007-02-06  |f 1  |l 0  |r 2016-06-30 00:00:00  |w 2026-02-24